Statistics for Infinity War "snap survivors"

Click here to take the quiz!

General Stats

  • This quiz has been taken 50 times
    (44 since last reset)
  • The average score is 11 of 20

Answer Stats

Character% Correct
Iron Man
100%
Black Widow
97%
Captain America
97%
Thor
97%
Hulk
92%
Ant Man
83%
Nebula
78%
Hawkeye
75%
War Machine
75%
Captain Marvel
67%
Okoye
56%
Rocket Racoon
39%
Thanos
39%
M'Baku
33%
Shuri
25%
Valkyrie
25%
Wong
19%
Howard the Duck
0%
Aunt May
0%
Red Skull
0%

Score Distribution

Percentile by Number Answered

Percent of People with Each Score

Your Score History

You have not taken this quiz since the last reset